000 00586aam a2200217 4500
001 7372
003 Uk
005 20250612150049.0
006 m || d |
007 cr |||||||||||
008 040401s2004 enka ob 001 0 eng
020 _a0877452342
082 0 4 _a301.946 DUR
100 1 _aDurrenberger, E. Paul( Ed.)
245 1 0 _aThe anthropology of Iceland.
260 _aIowa :
_bUniversity of Iowa Press,
_c1989.
300 _aix, 251 p. :
_bill, :
_c25 cm.
504 _aIncludes bibliographical references and index.
800 _aPalsson, Gisli.
942 _2ddc
_cMAIN
999 _c10360
_d10361